Statystyki dla 70 Największych Państw

Kliknij tutaj aby rozwiązać quiz!

Ogólne statystyki

  • Ten quiz został rozwiązany 1 710 razy
  • Średni wynik to 44 z 70

Statystyki odpowiedzi

Odpowiedź% Poprawnych
1Rosja
99%
3Chiny
97%
4Stany Zjednoczone
97%
2Kanada
95%
69Polska
95%
48Francja
93%
5Brazylia
92%
62Niemcy
91%
51Hiszpania
90%
8Argentyna
88%
44Ukraina
88%
6Australia
87%
7Indie
86%
13Meksyk
84%
55Szwecja
84%
29Egipt
82%
9Kazachstan
81%
67Norwegia
80%
61Japonia
79%
24Republika Południowej Afryki
79%
64Finlandia
78%
36Turcja
78%
37Chile
75%
17Iran
75%
12Arabia Saudyjska
72%
11Demokratyczna Republika Konga
72%
18Mongolia
72%
58Irak
71%
25Kolumbia
70%
21Niger
68%
14Indonezja
67%
19Peru
67%
31Nigeria
64%
63Kongo
63%
35Pakistan
63%
57Maroko
62%
15Sudan
61%
32Wenezuela
61%
16Libia
57%
40Afganistan
56%
27Boliwia
56%
20Czad
54%
26Etiopia
54%
56Uzbekistan
53%
65Wietnam
52%
50Tajlandia
51%
45Madagaskar
49%
47Kenia
48%
23Mali
47%
52Turkmenistan
47%
70Oman
45%
42Somalia
45%
22Angola
44%
49Jemen
42%
59Paragwaj
42%
41Sudan Południowy
42%
10Algeria
40%
38Zambia
40%
28Mauretania
39%
30Tanzania
39%
66Malezja
38%
60Zimbabwe
36%
34Mozambik
35%
39Mjanma
34%
33Namibia
33%
43Republika ŚrodkowoAfrykańska
33%
46Botswana
32%
53Kamerun
31%
68Wybrzeże Kości Słoniowej
27%
54Papua - Nowa Gwinea
26%

Rozkład punktacji

Percentyl według liczby udzielonych odpowiedzi

Procent ludzi z każdym wynikiem

Twoja historia wyników

Nie rozwiązałeś tego quizu